岐阜県の市町村 (2000年) - Statistics

General Stats
  • This quiz has been taken 67 times
    53 since last reset
  • The average score is 74 of 99
Answers on the Map
Answers color-coded by a green-red scale on the quiz's map according to % correct below.
 
Answer Stats
ヒント 市町村名 % Correct
岐阜市ぎふし
100%
大垣市おおがきし
100%
高山市たかやまし
100%
多治見市たじみし
100%
関市せきし
100%
中津川市なかつがわし
100%
美濃市みのし
100%
瑞浪市みずなみし
100%
恵那市えなし
100%
各務原市かかみがはらし
100%
羽島郡 岐南町ぎなんちょう
100%
羽島郡 笠松町かさまつちょう
100%
不破郡 関ケ原町せきがはらちょう
100%
揖斐郡 揖斐川町いびがわちょう
100%
加茂郡 白川町しらかわちょう
100%
益田郡 下呂町げろちょう
100%
大野郡 白川村しらかわむら
100%
羽島市はしまし
97%
美濃加茂市みのかもし
97%
土岐市ときし
97%
養老郡 養老町ようろうちょう
97%
安八郡 安八町あんぱちちょう
97%
郡上郡 八幡町はちまんちょう
97%
加茂郡 東白川村ひがししらかわむら
97%
海津郡 海津町かいづちょう
94%
揖斐郡 大野町おおのちょう
94%
本巣郡 北方町きたがたちょう
94%
本巣郡 本巣町もとすちょう
94%
安八郡 墨俣町すのまたちょう
91%
加茂郡 坂祝町さかほぎちょう
91%
加茂郡 八百津町やおつちょう
91%
可児市かにし
88%
養老郡 上石津町かみいしづちょう
88%
不破郡 垂井町たるいちょう
88%
揖斐郡 池田町いけだちょう
88%
本巣郡 穂積町ほづみちょう
88%
郡上郡 白鳥町しろとりちょう
85%
益田郡 金山町かなやまちょう
85%
吉城郡 古川町ふるかわちょう
85%
安八郡 神戸町ごうどちょう
82%
安八郡 輪之内町わのうちちょう
82%
本巣郡 根尾村ねおむら
82%
加茂郡 富加町とみかちょう
82%
加茂郡 川辺町かわべちょう
82%
可児郡 御嵩町みたけちょう
82%
吉城郡 神岡町かみおかちょう
82%
羽島郡 川島町かわしまちょう
79%
加茂郡 七宗町ひちそうちょう
79%
海津郡 南濃町なんのうちょう
76%
恵那郡 明智町あけちちょう
76%
吉城郡 国府町こくふちょう
76%
益田郡 小坂町おさかちょう
73%
大野郡 清見村きよみむら
73%
大野郡 荘川村しょうかわむら
73%
大野郡 宮村みやむら
73%
吉城郡 河合村かわいむら
73%
揖斐郡 谷汲村たにぐみむら
70%
郡上郡 大和町やまとちょう
70%
大野郡 久々野町くぐのちょう
70%
本巣郡 糸貫町いとぬきちょう
67%
武儀郡 武芸川町むげがわちょう
67%
郡上郡 高鷲村たかすむら
67%
恵那郡 坂下町さかしたちょう
67%
益田郡 馬瀬村まぜむら
67%
吉城郡 上宝村かみたからむら
67%
羽島郡 柳津町やないづちょう
64%
武儀郡 武儀町むぎちょう
64%
郡上郡 美並村みなみむら
64%
可児郡 兼山町かねやまちょう
64%
恵那郡 上矢作町かみやはぎちょう
64%
益田郡 萩原町はぎわらちょう
64%
大野郡 高根村たかねむら
64%
揖斐郡 藤橋村ふじはしむら
61%
武儀郡 洞戸村ほらどむら
61%
郡上郡 明宝村めいほうむら
61%
恵那郡 加子母村かしもむら
61%
恵那郡 付知町つけちちょう
61%
揖斐郡 坂内村さかうちむら
58%
山県郡 高富町たかとみちょう
58%
郡上郡 和良村わらむら
58%
大野郡 朝日村あさひむら
58%
吉城郡 宮川村みやがわむら
58%
海津郡 平田町ひらたちょう
55%
恵那郡 山岡町やまおかちょう
55%
恵那郡 川上村かわうえむら
52%
山県郡 伊自良村いじらむら
48%
恵那郡 岩村町いわむらちょう
48%
揖斐郡 春日村かすがむら
45%
本巣郡 真正町しんせいちょう
45%
山県郡 美山町みやまちょう
45%
武儀郡 板取村いたどりむら
45%
土岐郡 笠原町かさはらちょう
45%
本巣郡 巣南町すなみちょう
39%
大野郡 丹生川村にゅうかわむら
39%
武儀郡 上之保村かみのほむら
36%
恵那郡 福岡町ふくおかちょう
30%
恵那郡 蛭川村ひるかわむら
30%
揖斐郡 久瀬村くぜむら
24%
恵那郡 串原村くしはらむら
21%
No matching quizzes found
Score Distribution
Percent of People with Each Score
Percentile by Number Answered
Your Score History
You have not taken this quiz since the last reset